The conquest : the true story of Lewis and Clark /

Bibliographic Details
Main Author: Dye, Eva Emery, 1855-1947
Corporate Author: University Press (Cambridge, Mass.) (Printer)
Format: Book
Language:English
Published: Chicago : A.C. McClurg & Company, 1902.
Subjects:

MARC

Tag First Indicator Second Indicator Subfields
LEADER 00000cam a2200000 a 4500
001 in00001111908
005 20150930061524.0
008 720413s1902 ilu 000 1 eng d
010 |a  02027733  
035 |a (OCoLC)00283622 
035 |9 AFV0591AM 
040 |a WSU  |e bdrb  |c WSU  |d m.c.  |d OCL  |d m/c  |d OCL  |d OSU  |d UtOrBLW 
049 |a TXAM 
090 |a PS3507.Y312  |b C6 1902 
100 1 |a Dye, Eva Emery,  |d 1855-1947. 
245 1 4 |a The conquest :  |b the true story of Lewis and Clark /  |c by Eva Emery Dye. 
264 1 |a Chicago :  |b A.C. McClurg & Company,  |c 1902. 
300 |a ix, 3 unnumbered pages, 443 pages, 1 unnumbered leaf of plates :  |b illustrations, portrait ;  |c 21 cm. 
336 |a text  |b txt  |2 rdacontent 
337 |a unmediated  |b n  |2 rdamedia 
338 |a volume  |b nc  |2 rdacarrier 
500 |a "Published Nov. 12, 1902."--Title page verso. 
500 |a "University Press, John Wilson and Son, Cambridge, U.S.A."--Title page verso. 
500 |a Photographic frontispiece with portrait. 
504 |a "By Mrs. Dye"--pages [ii]. 
600 1 0 |a Lewis, Meriwether,  |d 1774-1809  |x Fiction. 
600 1 0 |a Clark, William,  |d 1770-1838  |x Fiction. 
611 2 0 |a Lewis and Clark Expedition  |d (1804-1806)  |x Fiction. 
710 2 |a A.C. McClurg & Co.,  |e publisher. 
710 2 |a University Press (Cambridge, Mass.),  |e printer. 
999 |a MARS 
999 f f |s 24b03653-94a3-349c-8dc3-16fb9a405acf  |i 5919d137-eea6-34d2-bdb6-8965693f5e09  |t 0 
952 f f |p ric  |a Texas A&M University  |b Rellis Campus  |c Joint Library Facility  |d Remote Storage  |t 0  |e PS3507.Y312 C6 1902  |h Library of Congress classification  |i unmediated -- volume  |m A14817073451 
998 f f |a PS3507.Y312 C6 1902  |t 0  |l Remote Storage